Fermentario

Shranjeno v:
Bibliografske podrobnosti
Glavni avtor: Vaz Ferreira, Carlos (Author)
Format: Knjiga
Jezik:španščina
Izdano: Buenos Aires Losada 1940
Serija:Biblioteca Filosófica
Teme:
Oznake: Označite
Brez oznak, prvi označite!

MARC

LEADER 00000nam a2200000 a 4500
001 UCZ3585
003 CL-VaPUC
008 951027e19400000AG |||||||||||||||||spa|d
082 0 4 |a 196  |b VAZ  |2 21 
100 0 |a Vaz Ferreira, Carlos  |e author  |9 347380 
245 1 0 |a Fermentario 
300 |a 190 p 
942 |c BK 
945 |d 19951027 00:00:00  |a rleighto 
260 |a Buenos Aires  |b Losada  |c 1940 
650 0 |a Filosofía   |9 223554 
650 0 |a Moral  |9 265913 
650 0 |a Ética  |9 255099 
650 0 |a Psicología   |9 257863 
650 0 |a Religión   |9 255164 
650 0 |a Verdad  |9 313815 
650 0 |a Metafísica  |9 265649 
583 |a last modification  |c 19951027 00:00:00  |k Rodrigo Vera 
490 0 |a Biblioteca Filosófica 
999 |c 240044  |d 240042 
952 |0 0  |1 0  |4 0  |6 196_000000000000000_VAZ_1940  |7 0  |8 P  |9 251634  |a BIBEDU  |b BIBEDU  |c BIBEDU_PB  |d 2019-11-18  |i 3129942  |o 196 VAZ 1940  |p 3129942  |r 2024-01-25  |w 2019-11-18  |y BK  |k FIL